| 000 | 00378 a2200169 4500 | ||
|---|---|---|---|
| 001 | 156773 | ||
| 020 | _a9788526296343 | ||
| 040 | _cEscola São Tomás de Aquino | ||
| 100 | _aOBEID, César | ||
| 240 | 1 | 0 |
_aO valente domador _lpor |
| 245 | 1 | 0 | _aO valente domador |
| 300 | _a32 p. | ||
| 362 | 0 | _a2015 | |
| 440 | 1 | _aScipione | |
| 697 | _a*LITERATURA INFANTIL | ||
| 942 | _cBK | ||
| 999 |
_c156773 _d156773 |
||